000 00227nam a22000857a 4500
001 1236371
005 20251001164150.0
245 _aEGE KIYILARINDAN ESKİ ZAMAN MASALLARI
_cAHMET ÜNVER
260 _bGÜNIŞIĞI KİTAPLIĞI YAYINLARI
999 _c1236371
_d1236371